| 000 | 00436nam a2200181Ia 4500 | ||
|---|---|---|---|
| 005 | 20240913125513.0 | ||
| 008 | 240913s9999||||xx |||||||||||||| ||und|| | ||
| 041 | _aENGLISH | ||
| 082 | _A658.802 P3 | ||
| 100 | _aPaley,Norton | ||
| 245 | 4 | _aThe Marketing Strategy : A Handbook | |
| 250 | _a1st | ||
| 260 |
_c2003 _bCrest,New |
||
| 500 | _aREFERENCE | ||
| 650 |
_aMarketing _bManagement Studies |
||
| 942 | _cREF | ||
| 999 |
_c245686 _d245686 |
||